| 000 | 00626nam a2200193Ia 4500 | ||
|---|---|---|---|
| 003 | GCL | ||
| 008 | 140319s9999 xx 000 0 ara d | ||
| 040 |
_aGCL / _cGCL |
||
| 082 | 0 | 4 |
_a782.1 _bف ا |
| 100 | 1 | _aفاجنر، ريتشارد | |
| 245 | 1 | 0 |
_aاوبرا تريستان وايزولدر (هدية من الاديب عبدالفتاح الجمل) / _cفاجنر، ريتشارد |
| 700 | 1 | _aبدر توفيق (مترجم) | |
| 300 | _a155 ص | ||
| 490 |
_aكتاب الهلال _v0 |
||
| 650 | 0 | 4 | _aالمسرحيات |
| 650 | 0 | 4 | _aالاوبرا |
| 650 | 0 | 4 | _aالاعمال الموسيقية |
| 942 |
_2ddc _cBK |
||
| 999 |
_c39470 _d39470 |
||